[Event "15e Festival de Meurthe et Moselle Blitz"]
[Site "?"]
[Date "2017.02.18"]
[Round "6.2"]
[White "Mohammad, Samir"]
[Black "Bellahcene, Bilel"]
[Result "0-1"]
[LiveChessVersion "1.4.8"]
[BlackElo "2486"]
[WhiteElo "2357"]

1. d4 {[%clk 0:04:03]} d5 {[%clk 0:04:03]} 2. c4 {[%clk 0:04:03]} e6
{[%clk 0:04:05]} 3. Nf3 {[%clk 0:04:04]} Nf6 {[%clk 0:04:05]} 4. Nc3
{[%clk 0:03:59]} Be7 {[%clk 0:04:06]} 5. Bf4 {[%clk 0:03:59]} O-O
{[%clk 0:04:06]} 6. e3 {[%clk 0:04:00]} Nbd7 {[%clk 0:04:07]} 7. c5
{[%clk 0:04:00]} Ne4 {[%clk 0:04:08]} 8. Bd3 {[%clk 0:03:41]} f5 {[%clk 0:04:06]}
9. h3 {[%clk 0:03:25]} c6 {[%clk 0:04:02]} 10. O-O {[%clk 0:03:21]} g5
{[%clk 0:03:58]} 11. Bh2 {[%clk 0:03:21]} Bf6 {[%clk 0:03:51]} 12. Bxe4
{[%clk 0:03:12]} fxe4 {[%clk 0:03:39]} 13. Nd2 {[%clk 0:03:09]} e5
{[%clk 0:03:33]} 14. Nb3 {[%clk 0:02:57]} exd4 {[%clk 0:03:30]} 15. exd4
{[%clk 0:02:53]} Bg7 {[%clk 0:03:30]} 16. Qd2 {[%clk 0:02:48]} h6
{[%clk 0:03:18]} 17. Nd1 {[%clk 0:02:37]} Nf6 {[%clk 0:03:19]} 18. Ne3
{[%clk 0:02:36]} g4 {[%clk 0:03:20]} 19. h4 {[%clk 0:02:11]} Nh5 {[%clk 0:03:20]}
20. Bd6 {[%clk 0:02:12]} Rf7 {[%clk 0:03:07]} 21. g3 {[%clk 0:02:12]} Be6
{[%clk 0:02:59]} 22. Ng2 {[%clk 0:02:11]} Rf3 {[%clk 0:02:54]} 23. Ne1
{[%clk 0:02:05]} Qf6 {[%clk 0:02:23]} 24. Be5 {[%clk 0:02:00]} Qf5
{[%clk 0:02:24]} 25. Bxg7 {[%clk 0:01:56]} Kxg7 {[%clk 0:02:05]} 26. Ng2
{[%clk 0:01:40]} Rf8 {[%clk 0:02:03]} 27. Qe2 {[%clk 0:01:37]} Bg8
{[%clk 0:01:41]} 28. Rae1 {[%clk 0:01:31]} Qf6 {[%clk 0:01:38]} 29. Ne3
{[%clk 0:01:20]} Be6 {[%clk 0:01:40]} 30. Rd1 {[%clk 0:01:05]} Kh7
{[%clk 0:01:30]} 31. Ng2 {[%clk 0:00:56]} Ng7 {[%clk 0:01:29]} 32. Nd2
{[%clk 0:00:42]} Nf5 {[%clk 0:01:31]} 33. Nb3 {[%clk 0:00:36]} Rxb3
{[%clk 0:01:12]} 34. axb3 {[%clk 0:00:36]} Nxd4 {[%clk 0:01:13]} 35. Rxd4
{[%clk 0:00:33]} Qxd4 {[%clk 0:01:14]} 36. Rc1 {[%clk 0:00:30]} Rf3
{[%clk 0:01:14]} 37. Ne3 {[%clk 0:00:29]} a6 {[%clk 0:01:07]} 38. Kg2
{[%clk 0:00:24]} Kg8 {[%clk 0:01:01]} 39. Qe1 {[%clk 0:00:20]} Qf6
{[%clk 0:01:02]} 40. b4 {[%clk 0:00:15]} Qxb2 {[%clk 0:01:02]} 41. Rd1
{[%clk 0:00:03]} d4 {[%clk 0:00:54]} 42. Rd2 {[%clk 0:00:00]} 0-1

[Event "15e Festival de Meurthe et Moselle Blitz"]
[Site "?"]
[Date "2017.02.18"]
[Round "6.3"]
[White "Gurevich, Mikhail"]
[Black "Moingt, Jean-Claude"]
[Result "1-0"]
[LiveChessVersion "1.4.8"]
[BlackElo "2155"]
[WhiteElo "2549"]

1. g3 {[%clk 0:04:02]} g6 {[%clk 0:04:02]} 2. Bg2 {[%clk 0:04:03]} Bg7
{[%clk 0:04:04]} 3. c4 {[%clk 0:04:04]} Nf6 {[%clk 0:04:03]} 4. Nc3
{[%clk 0:04:04]} O-O {[%clk 0:04:02]} 5. d3 {[%clk 0:04:06]} d6 {[%clk 0:04:01]}
6. e3 {[%clk 0:04:06]} e5 {[%clk 0:03:58]} 7. Nge2 {[%clk 0:04:06]} Nc6
{[%clk 0:03:45]} 8. O-O {[%clk 0:04:03]} Be6 {[%clk 0:03:14]} 9. Nd5
{[%clk 0:04:01]} Qd7 {[%clk 0:03:09]} 10. Rb1 {[%clk 0:04:00]} Rab8
{[%clk 0:02:57]} 11. Qa4 {[%clk 0:03:15]} a6 {[%clk 0:02:44]} 12. Nec3
{[%clk 0:03:14]} Nh5 {[%clk 0:02:14]} 13. b4 {[%clk 0:03:05]} f5 {[%clk 0:01:28]}
14. Qd1 {[%clk 0:02:14]} f4 {[%clk 0:01:19]} 15. Ne4 {[%clk 0:02:12]} Bh3
{[%clk 0:01:00]} 16. exf4 {[%clk 0:02:05]} exf4 {[%clk 0:00:59]} 17. Nxf4
{[%clk 0:01:54]} Nxf4 {[%clk 0:01:00]} 18. Bxf4 {[%clk 0:01:53]} Nd4
{[%clk 0:00:59]} 19. f3 {[%clk 0:00:55]} Rbe8 {[%clk 0:00:58]} 20. Rf2
{[%clk 0:00:51]} Bxg2 {[%clk 0:00:53]} 21. Kxg2 {[%clk 0:00:51]} Nf5
{[%clk 0:00:54]} 22. Qd2 {[%clk 0:00:47]} Bd4 {[%clk 0:00:55]} 23. Re2
{[%clk 0:00:48]} h6 {[%clk 0:00:42]} 24. Bxh6 {[%clk 0:00:47]} Nxh6
{[%clk 0:00:33]} 25. Qxh6 {[%clk 0:00:47]} Qg7 {[%clk 0:00:35]} 26. Qxg7+ Kxg7
27. Rbe1 {[%clk 0:00:41]} a5 {[%clk 0:00:32]} 28. b5 {[%clk 0:00:40]} a4
{[%clk 0:00:33]} 29. f4 {[%clk 0:00:40]} a3 {[%clk 0:00:32]} 30. Ng5
{[%clk 0:00:40]} Rxe2+ {[%clk 0:00:33]} 31. Rxe2 {[%clk 0:00:41]} Rc8
{[%clk 0:00:19]} 32. Ne6+ {[%clk 0:00:41]} Kf6 1-0

[Event "15e Festival de Meurthe et Moselle Blitz"]
[Site "?"]
[Date "2017.02.18"]
[Round "6.4"]
[White "Nevednichy, Vladislav"]
[Black "Karagyozian, Edgar"]
[Result "1-0"]
[LiveChessVersion "1.4.8"]
[BlackElo "2199"]
[WhiteElo "2548"]

1. e4 {[%clk 0:04:03]} d5 {[%clk 0:04:04]} 2. exd5 {[%clk 0:04:03]} Nf6
{[%clk 0:04:05]} 3. d4 {[%clk 0:04:00]} Nxd5 {[%clk 0:04:06]} 4. Nf3
{[%clk 0:04:00]} e6 {[%clk 0:04:07]} 5. c4 {[%clk 0:03:56]} Nf6 {[%clk 0:04:06]}
6. Nc3 {[%clk 0:03:57]} c5 {[%clk 0:04:06]} 7. d5 {[%clk 0:03:52]} exd5
{[%clk 0:03:57]} 8. cxd5 {[%clk 0:03:52]} a6 {[%clk 0:03:46]} 9. a4
{[%clk 0:03:51]} Bd6 {[%clk 0:03:47]} 10. Bg5 {[%clk 0:03:51]} O-O
{[%clk 0:03:45]} 11. Be2 {[%clk 0:03:51]} Bf5 {[%clk 0:03:41]} 12. O-O
{[%clk 0:03:50]} Nbd7 {[%clk 0:03:39]} 13. a5 {[%clk 0:03:45]} h6
{[%clk 0:03:38]} 14. Bh4 {[%clk 0:03:45]} Qc7 {[%clk 0:03:38]} 15. Bg3
{[%clk 0:03:44]} Rfe8 {[%clk 0:03:35]} 16. Nd2 {[%clk 0:03:41]} Ne5
{[%clk 0:03:35]} 17. Re1 {[%clk 0:03:33]} Rad8 {[%clk 0:03:35]} 18. Nc4
{[%clk 0:03:22]} Nxc4 {[%clk 0:03:32]} 19. Bxc4 {[%clk 0:03:22]} Rxe1+
{[%clk 0:03:25]} 20. Qxe1 {[%clk 0:03:23]} Re8 {[%clk 0:03:24]} 21. Qd1
{[%clk 0:03:19]} Bxg3 {[%clk 0:03:15]} 22. hxg3 {[%clk 0:03:20]} Qd6
{[%clk 0:03:14]} 23. Qb3 {[%clk 0:03:15]} Re7 {[%clk 0:03:07]} 24. Rd1
{[%clk 0:03:03]} Ng4 {[%clk 0:03:04]} 25. Qb6 {[%clk 0:02:47]} Qe5
{[%clk 0:02:33]} 26. Qxc5 {[%clk 0:02:21]} Rc7 {[%clk 0:01:36]} 27. Qd4
{[%clk 0:02:20]} Qd6 {[%clk 0:01:23]} 28. Be2 {[%clk 0:02:10]} Nf6
{[%clk 0:01:11]} 29. Qf4 {[%clk 0:01:59]} Qxf4 {[%clk 0:01:00]} 30. gxf4
{[%clk 0:02:00]} Rc5 {[%clk 0:01:00]} 31. d6 {[%clk 0:01:47]} Rxa5
{[%clk 0:00:55]} 32. Bf3 {[%clk 0:01:47]} b6 {[%clk 0:00:35]} 33. g4
{[%clk 0:01:45]} Bd7 {[%clk 0:00:32]} 34. Kg2 {[%clk 0:01:38]} Rc5
{[%clk 0:00:30]} 35. Kg3 {[%clk 0:01:22]} Kf8 {[%clk 0:00:29]} 36. Rd4
{[%clk 0:01:18]} a5 {[%clk 0:00:29]} 37. Be2 {[%clk 0:01:05]} b5 {[%clk 0:00:28]}
38. f3 {[%clk 0:01:03]} b4 {[%clk 0:00:30]} 39. Nd1 {[%clk 0:00:52]} Rc2
{[%clk 0:00:29]} 40. Bc4 {[%clk 0:00:51]} Ne8 {[%clk 0:00:22]} 41. b3
{[%clk 0:00:44]} h5 {[%clk 0:00:22]} 42. Ne3 {[%clk 0:00:44]} Rb2
{[%clk 0:00:17]} 43. gxh5 {[%clk 0:00:44]} Nf6 {[%clk 0:00:16]} 44. Nd5
{[%clk 0:00:43]} Nxh5+ {[%clk 0:00:13]} 45. Kh4 {[%clk 0:00:44]} Rh2+
{[%clk 0:00:13]} 46. Kg5 {[%clk 0:00:44]} f6+ {[%clk 0:00:14]} 47. Nxf6
{[%clk 0:00:36]} Nxf6 {[%clk 0:00:12]} 48. f5 {[%clk 0:00:36]} Rh5+
{[%clk 0:00:12]} 49. Kf4 {[%clk 0:00:37]} Rh4+ {[%clk 0:00:14]} 50. Ke5
{[%clk 0:00:38]} Rxd4 51. Kxd4 {[%clk 0:00:39]} Ke8 {[%clk 0:00:15]} 52. Kc5
{[%clk 0:00:40]} a4 {[%clk 0:00:15]} 53. bxa4 {[%clk 0:00:41]} Bxa4
{[%clk 0:00:17]} 54. Kxb4 {[%clk 0:00:42]} Kd7 {[%clk 0:00:18]} 55. Kc5
{[%clk 0:00:43]} Bd1 {[%clk 0:00:17]} 56. Be6+ {[%clk 0:00:44]} Kd8
{[%clk 0:00:19]} 57. f4 {[%clk 0:00:45]} Bg4 {[%clk 0:00:19]} 58. Kd4
{[%clk 0:00:46]} Ne8 {[%clk 0:00:17]} 59. Ke5 {[%clk 0:00:46]} Nf6
{[%clk 0:00:16]} 60. Kd4 {[%clk 0:00:47]} Nd7 {[%clk 0:00:16]} 61. Kd5
{[%clk 0:00:46]} Nf6+ {[%clk 0:00:15]} 62. Ke5 {[%clk 0:00:47]} Bh5
{[%clk 0:00:13]} 63. Kd4 {[%clk 0:00:48]} Be8 {[%clk 0:00:14]} 64. Ke5
{[%clk 0:00:49]} Bc6 {[%clk 0:00:15]} 65. Kd4 {[%clk 0:00:49]} Bd7 66. Ke5
{[%clk 0:00:50]} Ke8 {[%clk 0:00:15]} 67. Kd4 {[%clk 0:00:50]} Nh5
{[%clk 0:00:14]} 68. Ke5 {[%clk 0:00:51]} Ng3 {[%clk 0:00:13]} 69. f6
{[%clk 0:00:49]} Nh5 {[%clk 0:00:10]} 70. Bxd7+ {[%clk 0:00:46]} Kf7
{[%clk 0:00:05]} 71. Be6+ {[%clk 0:00:46]} Ke8 {[%clk 0:00:05]} 72. f7+
{[%clk 0:00:46]} Kf8 {[%clk 0:00:06]} 73. d7 {[%clk 0:00:47]} Nf6 1-0

[Event "15e Festival de Meurthe et Moselle Blitz"]
[Site "?"]
[Date "2017.02.18"]
[Round "7.1"]
[White "Fressinet, Laurent"]
[Black "Bellahcene, Bilel"]
[Result "1/2-1/2"]
[LiveChessVersion "1.4.8"]
[BlackElo "2486"]
[WhiteElo "2660"]

1. Nf3 {[%clk 0:04:03]} d5 {[%clk 0:04:02]} 2. g3 {[%clk 0:04:02]} Nc6
{[%clk 0:03:59]} 3. d4 {[%clk 0:04:01]} Bg4 {[%clk 0:03:58]} 4. Nbd2
{[%clk 0:04:00]} Qd7 {[%clk 0:03:53]} 5. h3 {[%clk 0:03:58]} Bf5 {[%clk 0:03:50]}
6. c3 {[%clk 0:03:56]} Nf6 {[%clk 0:03:46]} 7. Bg2 {[%clk 0:03:55]} Ne4
{[%clk 0:03:38]} 8. Nh4 {[%clk 0:03:45]} g6 {[%clk 0:03:10]} 9. Nxf5
{[%clk 0:03:39]} gxf5 {[%clk 0:03:10]} 10. e3 {[%clk 0:03:40]} e6
{[%clk 0:03:06]} 11. a3 {[%clk 0:03:31]} a6 {[%clk 0:02:36]} 12. c4
{[%clk 0:03:28]} h5 {[%clk 0:02:12]} 13. h4 {[%clk 0:03:29]} Bd6 {[%clk 0:02:12]}
14. Nxe4 {[%clk 0:02:38]} fxe4 {[%clk 0:01:57]} 15. Bd2 {[%clk 0:02:34]} Nd8
{[%clk 0:01:38]} 16. cxd5 {[%clk 0:02:27]} exd5 {[%clk 0:01:39]} 17. Bh3
{[%clk 0:02:27]} f5 {[%clk 0:01:16]} 18. Qb3 {[%clk 0:02:26]} c6 {[%clk 0:01:17]}
19. Bb4 {[%clk 0:02:20]} Nf7 {[%clk 0:01:17]} 20. Bf1 {[%clk 0:02:15]} Bxb4+
{[%clk 0:01:09]} 21. Qxb4 {[%clk 0:02:16]} Nh6 {[%clk 0:01:04]} 22. Be2
{[%clk 0:02:11]} Ng4 {[%clk 0:01:06]} 23. Rc1 {[%clk 0:02:08]} Qe7
{[%clk 0:01:04]} 24. Qxe7+ {[%clk 0:01:53]} Kxe7 {[%clk 0:01:05]} 25. b4
{[%clk 0:01:52]} Kd6 {[%clk 0:01:05]} 26. O-O {[%clk 0:01:46]} b5
{[%clk 0:00:48]} 27. Rc3 {[%clk 0:01:38]} Rhb8 {[%clk 0:00:48]} 28. Rfc1
{[%clk 0:01:06]} Rb6 {[%clk 0:00:49]} 29. a4 {[%clk 0:01:07]} bxa4
{[%clk 0:00:21]} 30. Bd1 {[%clk 0:01:08]} a3 {[%clk 0:00:22]} 31. Rxa3
{[%clk 0:01:00]} Rxb4 {[%clk 0:00:22]} 32. Rca1 {[%clk 0:01:01]} Rb6
{[%clk 0:00:18]} 33. Be2 {[%clk 0:00:59]} Nf6 {[%clk 0:00:11]} 34. Bxa6
{[%clk 0:00:56]} Nd7 {[%clk 0:00:10]} 35. Be2 {[%clk 0:00:56]} Rxa3
{[%clk 0:00:11]} 36. Rxa3 {[%clk 0:00:58]} Nf6 {[%clk 0:00:11]} 37. Ra8
{[%clk 0:00:37]} c5 {[%clk 0:00:11]} 38. dxc5+ {[%clk 0:00:29]} Kxc5
{[%clk 0:00:12]} 39. Rh8 {[%clk 0:00:27]} Kd6 {[%clk 0:00:04]} 40. Bxh5
{[%clk 0:00:24]} Rb1+ {[%clk 0:00:05]} 41. Kg2 {[%clk 0:00:25]} Rb2
{[%clk 0:00:06]} 42. Bd1 {[%clk 0:00:12]} Rd2 {[%clk 0:00:07]} 43. Bh5
{[%clk 0:00:12]} Ke7 {[%clk 0:00:08]} 44. Kf1 {[%clk 0:00:10]} d4
{[%clk 0:00:08]} 45. exd4 {[%clk 0:00:11]} Rxd4 {[%clk 0:00:10]} 46. Be2
{[%clk 0:00:10]} Ra4 {[%clk 0:00:09]} 47. Rc8 {[%clk 0:00:07]} Ra1+
{[%clk 0:00:10]} 48. Kg2 {[%clk 0:00:08]} Ra2 {[%clk 0:00:12]} 49. Kf1
{[%clk 0:00:09]} Ra1+ {[%clk 0:00:13]} 50. Kg2 {[%clk 0:00:11]} Ra2
{[%clk 0:00:14]} 51. Kf1 {[%clk 0:00:08]} Ra1+ {[%clk 0:00:16]} 1/2-1/2

[Event "15e Festival de Meurthe et Moselle Blitz"]
[Site "?"]
[Date "2017.02.18"]
[Round "7.2"]
[White "Mullon, Jean-Baptiste"]
[Black "Gurevich, Mikhail"]
[Result "0-1"]
[LiveChessVersion "1.4.8"]
[BlackElo "2549"]
[WhiteElo "2388"]

1. e4 {[%clk 0:04:01]} d6 {[%clk 0:04:04]} 2. f4 {[%clk 0:03:52]} Nf6
{[%clk 0:04:00]} 3. Nc3 {[%clk 0:03:52]} g6 {[%clk 0:03:57]} 4. d4
{[%clk 0:03:39]} Bg7 {[%clk 0:03:57]} 5. Nf3 {[%clk 0:03:38]} c5 {[%clk 0:03:57]}
6. Bb5+ {[%clk 0:03:06]} Bd7 {[%clk 0:03:58]} 7. Bxd7+ {[%clk 0:02:34]} Qxd7
{[%clk 0:03:40]} 8. dxc5 {[%clk 0:02:30]} dxc5 {[%clk 0:03:13]} 9. Qxd7+
{[%clk 0:02:26]} Nfxd7 {[%clk 0:03:07]} 10. Bd2 {[%clk 0:02:23]} Nc6
{[%clk 0:03:02]} 11. O-O-O {[%clk 0:02:21]} O-O-O {[%clk 0:02:58]} 12. h4
{[%clk 0:01:33]} Nf6 {[%clk 0:02:22]} 13. e5 {[%clk 0:01:30]} Ng4
{[%clk 0:02:19]} 14. Ne4 {[%clk 0:01:29]} Nd4 {[%clk 0:01:36]} 15. Rhe1
{[%clk 0:01:01]} b6 {[%clk 0:01:24]} 16. Nxd4 {[%clk 0:00:54]} Rxd4
{[%clk 0:01:21]} 17. Bc3 {[%clk 0:00:54]} Rxd1+ {[%clk 0:00:53]} 18. Rxd1
{[%clk 0:00:55]} Rd8 {[%clk 0:00:49]} 19. Rxd8+ {[%clk 0:00:53]} Kxd8
{[%clk 0:00:50]} 20. Ng5 {[%clk 0:00:54]} Ke8 {[%clk 0:00:48]} 21. a4
{[%clk 0:00:43]} h6 {[%clk 0:00:41]} 22. Ne4 {[%clk 0:00:44]} Bf8
{[%clk 0:00:39]} 23. e6 {[%clk 0:00:33]} fxe6 {[%clk 0:00:37]} 24. a5
{[%clk 0:00:34]} e5 {[%clk 0:00:34]} 25. fxe5 {[%clk 0:00:32]} Kd7
{[%clk 0:00:35]} 26. a6 {[%clk 0:00:33]} Kc6 {[%clk 0:00:36]} 27. b4
{[%clk 0:00:18]} e6 {[%clk 0:00:35]} 28. bxc5 {[%clk 0:00:14]} Bxc5
{[%clk 0:00:35]} 29. Nf6 {[%clk 0:00:13]} Ne3 {[%clk 0:00:35]} 30. g3
{[%clk 0:00:11]} Nf5 {[%clk 0:00:36]} 31. g4 {[%clk 0:00:07]} Nxh4
{[%clk 0:00:36]} 32. Bd2 {[%clk 0:00:08]} Nf3 {[%clk 0:00:36]} 33. Bxh6
{[%clk 0:00:09]} Nxe5 {[%clk 0:00:37]} 34. Ne4 {[%clk 0:00:09]} Kb5
{[%clk 0:00:35]} 35. Bf4 {[%clk 0:00:10]} Nf7 0-1

[Event "15e Festival de Meurthe et Moselle Blitz"]
[Site "?"]
[Date "2017.02.18"]
[Round "7.3"]
[White "Da Silva, Quentin"]
[Black "Fridman, Daniel"]
[Result "0-1"]
[LiveChessVersion "1.4.8"]
[BlackElo "2594"]
[WhiteElo "2146"]

1. e4 {[%clk 0:04:02]} e6 {[%clk 0:04:03]} 2. d3 {[%clk 0:04:02]} d5
{[%clk 0:04:04]} 3. Qe2 {[%clk 0:04:03]} Be7 {[%clk 0:03:59]} 4. Nf3
{[%clk 0:04:03]} Nf6 {[%clk 0:03:59]} 5. g3 {[%clk 0:04:03]} dxe4
{[%clk 0:03:56]} 6. dxe4 {[%clk 0:04:03]} b6 {[%clk 0:03:57]} 7. Bg2
{[%clk 0:03:20]} Bb7 {[%clk 0:03:50]} 8. e5 {[%clk 0:02:57]} Nfd7
{[%clk 0:03:36]} 9. O-O {[%clk 0:02:50]} O-O {[%clk 0:03:31]} 10. c4
{[%clk 0:02:40]} Nc6 {[%clk 0:03:24]} 11. Bf4 {[%clk 0:02:28]} g5
{[%clk 0:02:43]} 12. Nxg5 {[%clk 0:01:36]} Bxg5 {[%clk 0:02:43]} 13. Qg4
{[%clk 0:01:35]} Ndxe5 {[%clk 0:02:19]} 14. Qxg5+ {[%clk 0:01:22]} Qxg5
{[%clk 0:02:20]} 15. Bxg5 {[%clk 0:01:22]} Rab8 {[%clk 0:01:58]} 16. Na3
{[%clk 0:00:52]} f6 {[%clk 0:01:19]} 17. Bf4 {[%clk 0:00:50]} Rfd8
{[%clk 0:01:17]} 18. Bxc6 {[%clk 0:00:43]} Bxc6 {[%clk 0:01:16]} 19. Bxe5
{[%clk 0:00:41]} fxe5 {[%clk 0:01:17]} 20. Rad1 {[%clk 0:00:27]} Bf3
{[%clk 0:01:12]} 21. Rxd8+ {[%clk 0:00:23]} Rxd8 {[%clk 0:01:13]} 22. Nb5
{[%clk 0:00:23]} c6 {[%clk 0:01:13]} 23. Nc3 {[%clk 0:00:16]} Rd2
{[%clk 0:01:13]} 24. Rb1 {[%clk 0:00:06]} e4 {[%clk 0:00:59]} 25. h4
{[%clk 0:00:06]} Kf7 {[%clk 0:00:49]} 26. Kf1 {[%clk 0:00:03]} Kg6
{[%clk 0:00:45]} 27. Ke1 {[%clk 0:00:04]} Rc2 {[%clk 0:00:42]} 0-1

[Event "15e Festival de Meurthe et Moselle Blitz"]
[Site "?"]
[Date "2017.02.18"]
[Round "7.4"]
[White "Muetsch, Annmarie"]
[Black "Nevednichy, Vladislav"]
[Result "0-1"]
[LiveChessVersion "1.4.8"]
[BlackElo "2548"]
[WhiteElo "2005"]

1. e4 {[%clk 0:04:02]} g6 {[%clk 0:04:03]} 2. d4 {[%clk 0:04:03]} Bg7
{[%clk 0:04:04]} 3. Nc3 {[%clk 0:04:03]} c6 {[%clk 0:04:05]} 4. f4
{[%clk 0:04:03]} d5 {[%clk 0:04:06]} 5. Nf3 {[%clk 0:04:02]} dxe4
{[%clk 0:04:03]} 6. Nxe4 {[%clk 0:04:02]} Nh6 {[%clk 0:03:59]} 7. c3
{[%clk 0:03:59]} Nd7 {[%clk 0:03:45]} 8. Bd3 {[%clk 0:03:56]} Nf6
{[%clk 0:03:39]} 9. Nxf6+ {[%clk 0:03:50]} Bxf6 {[%clk 0:03:40]} 10. O-O
{[%clk 0:03:47]} O-O {[%clk 0:03:39]} 11. Ne5 {[%clk 0:03:37]} Bf5
{[%clk 0:03:26]} 12. Bxf5 {[%clk 0:03:30]} Nxf5 {[%clk 0:03:27]} 13. Kh1
{[%clk 0:02:56]} e6 {[%clk 0:03:19]} 14. b3 {[%clk 0:02:45]} Qc7 {[%clk 0:03:13]}
15. Qe2 {[%clk 0:02:25]} c5 {[%clk 0:03:08]} 16. dxc5 {[%clk 0:02:08]} Rfd8
{[%clk 0:02:54]} 17. b4 {[%clk 0:01:40]} h5 {[%clk 0:02:54]} 18. Bb2
{[%clk 0:01:33]} b6 {[%clk 0:02:16]} 19. cxb6 {[%clk 0:01:29]} Qxb6
{[%clk 0:02:17]} 20. Rfd1 {[%clk 0:01:10]} Rd5 {[%clk 0:02:15]} 21. a3
{[%clk 0:01:04]} Rad8 {[%clk 0:02:09]} 22. c4 {[%clk 0:00:55]} Rxd1+
{[%clk 0:02:07]} 23. Rxd1 {[%clk 0:00:56]} Rxd1+ {[%clk 0:02:08]} 24. Qxd1
{[%clk 0:00:57]} Qf2 {[%clk 0:02:06]} 25. Nd3 {[%clk 0:00:37]} Qh4
{[%clk 0:02:00]} 26. Bxf6 {[%clk 0:00:31]} Qxf6 {[%clk 0:02:01]} 27. Ne5
{[%clk 0:00:26]} Qh4 {[%clk 0:01:58]} 28. Qd2 {[%clk 0:00:12]} g5
{[%clk 0:01:27]} 29. fxg5 {[%clk 0:00:07]} Qe4 {[%clk 0:01:25]} 30. Qd8+
{[%clk 0:00:00]} Kh7 {[%clk 0:01:25]} 31. Nf3 {[%clk 0:00:00]} 0-1

[Event "15e Festival de Meurthe et Moselle Blitz"]
[Site "?"]
[Date "2017.02.18"]
[Round "8.2"]
[White "Bellahcene, Bilel"]
[Black "Fridman, Daniel"]
[Result "1-0"]
[LiveChessVersion "1.4.8"]
[BlackElo "2594"]
[WhiteElo "2486"]

1. d4 {[%clk 0:04:02]} Nf6 {[%clk 0:04:03]} 2. c4 {[%clk 0:04:04]} e6
{[%clk 0:04:04]} 3. Nf3 {[%clk 0:04:05]} d5 {[%clk 0:04:05]} 4. g3
{[%clk 0:04:03]} Bb4+ {[%clk 0:04:04]} 5. Bd2 {[%clk 0:04:03]} a5
{[%clk 0:04:05]} 6. Qc2 {[%clk 0:04:01]} c5 {[%clk 0:04:04]} 7. dxc5
{[%clk 0:03:30]} d4 {[%clk 0:04:05]} 8. Bg2 {[%clk 0:03:12]} Nc6 {[%clk 0:04:06]}
9. O-O {[%clk 0:03:12]} O-O {[%clk 0:04:06]} 10. Bg5 {[%clk 0:02:56]} e5
{[%clk 0:03:34]} 11. Nbd2 {[%clk 0:02:55]} h6 {[%clk 0:03:28]} 12. Bxf6
{[%clk 0:02:52]} Qxf6 {[%clk 0:03:28]} 13. Ne4 {[%clk 0:02:48]} Qe7
{[%clk 0:03:29]} 14. Ne1 {[%clk 0:02:17]} f5 {[%clk 0:03:03]} 15. Nd6
{[%clk 0:02:18]} Bxc5 {[%clk 0:03:03]} 16. Bd5+ {[%clk 0:02:10]} Kh8
{[%clk 0:02:41]} 17. Nxc8 {[%clk 0:02:10]} Raxc8 {[%clk 0:02:41]} 18. Nd3
{[%clk 0:02:11]} e4 {[%clk 0:02:29]} 19. Nf4 {[%clk 0:01:59]} Rf6
{[%clk 0:02:25]} 20. a3 {[%clk 0:01:53]} g5 {[%clk 0:02:07]} 21. Ng2
{[%clk 0:01:54]} Ne5 {[%clk 0:01:43]} 22. Kh1 {[%clk 0:01:50]} Qe8
{[%clk 0:01:33]} 23. f3 {[%clk 0:01:40]} e3 {[%clk 0:01:08]} 24. Rad1
{[%clk 0:01:32]} a4 {[%clk 0:01:07]} 25. Bxb7 {[%clk 0:01:19]} Rb8
{[%clk 0:01:05]} 26. Bd5 {[%clk 0:01:20]} Qd7 {[%clk 0:00:51]} 27. Rb1
{[%clk 0:01:13]} Rb3 {[%clk 0:00:52]} 28. Rfd1 {[%clk 0:01:00]} Rfb6
{[%clk 0:00:48]} 29. Ne1 {[%clk 0:00:59]} f4 {[%clk 0:00:22]} 30. Kg2
{[%clk 0:01:00]} g4 {[%clk 0:00:21]} 31. Qe4 {[%clk 0:00:53]} gxf3+
{[%clk 0:00:21]} 32. Nxf3 {[%clk 0:00:53]} Ng6 {[%clk 0:00:20]} 33. Nxd4
{[%clk 0:00:46]} Qg4 {[%clk 0:00:17]} 34. Nf3 {[%clk 0:00:36]} Rxb2
{[%clk 0:00:15]} 35. Rxb2 {[%clk 0:00:37]} Rxb2 {[%clk 0:00:16]} 36. Be6
{[%clk 0:00:24]} Nh4+ {[%clk 0:00:13]} 37. Kh1 {[%clk 0:00:18]} Qh5
{[%clk 0:00:09]} 38. Nxh4 {[%clk 0:00:10]} fxg3 {[%clk 0:00:04]} 39. hxg3
{[%clk 0:00:11]} Be7 {[%clk 0:00:05]} 40. Qd4+ {[%clk 0:00:10]} 1-0